000 01078nam a22002417a 4500
003 OSt
005 20250915162002.0
008 240322b ||||| |||| 00| 0 eng d
040 _c0
082 _aDPer 621.381 In821 September 2022 v. 37 n. 9
100 _aDu, Xinghao.
_eauthor.
_955097
245 _aSensorless temperature estimation of lithium-ion battery based on broadband impedance measurements /
_cXinghao Du, Jinhao Meng, Jichang Peng, Yingmin Zhang, Tianqi Liu, and Remus Teodorescu.
260 _aNew York ;
_bThe Institute of Electrical and Electronics Engineers, Inc. ,
_cSeptember 2022.
300 _aVolume 37, pages 10101-10105 :
_billustration ;
_c28 cm.
500 _aIEEE Transactions on Power Electronics, vol. 37, no. 9, pages 10101-10105, September 2022.
700 _aDu, Xinghao.
_eauthor.
_955097
700 _aMeng, Jinhao.
_eauthor.
_955098
700 _aPeng, Jichang.
_eauthor.
_955099
700 _aZhang, Yingmin .
_eauthor.
_955100
700 _aLiu, Tianqi.
_eauthor.
_955101
700 _aTeodorescu, Remus.
_eauthor.
_955102
942 _2ddc
_cPER
999 _c19777
_d19777